The shadow of kamakhya / (Record no. 160411)

MARC details
000 -LEADER
fixed length control field 00408nam a22001697a 4500
005 - DATE AND TIME OF LATEST TRANSACTION
control field 20190128164234.0
010 ## - LCCN (DPL NO)
LC control number B-084420
020 ## - INTERNATIONAL STANDARD BOOK NUMBER
International Standard Book Number 8171678963
Terms of availability 150.00
035 ## - SYSTEM CONTROL NUMBER
System control number B-084420
037 ## - SOURCE OF ACQUISITION
Source of stock number/acquisition Rupa Co.
082 ## - DEWEY DECIMAL CLASSIFICATION NUMBER
Classification number S
100 ## - MAIN ENTRY--PERSONAL NAME
Personal name Goswami, Indira
245 ## - TITLE STATEMENT
Title The shadow of kamakhya /
Statement of responsibility, etc Indira Goswami
260 ## - PUBLICATION, DISTRIBUTION, ETC. (IMPRINT)
Place of publication, distribution, etc New Delhi
Name of publisher, distributor, etc Rupa. Co.
300 ## - PHYSICAL DESCRIPTION
Extent 195p.
Dimensions 22cm(pbk)
942 ## - ADDED ENTRY ELEMENTS (KOHA)
Source of classification or shelving scheme Dewey Decimal Classification
Item type English Books
Classification part S
Call number suffix GOS
Holdings
Withdrawn status Lost status Not for loan Collection code Home library Current library Date acquired Full call number Barcode Koha item type
      Fiction Sarojini Nagar Sarojini Nagar 28/01/2019 S GOS B-084420 English Books

© Delhi Public Library
Hit Counter
free hit counter